书目信息

书名: 自动驾驶系统产品开发与项目管理实践 
作者: 孔瑞东
出版信息: 北京   机械工业出版社  2025.4
开本页数: 26cm  184页
丛书名: 智能网联汽车研究与开发丛书
单 册:
中图分类: U46
科图分类:
主题词: 汽车驾驶--qi che jia shi--自动驾驶系统--产品开发 , 汽车驾驶--qi che jia shi--自动驾驶系统--项目管理
电子资源:
ISBN: 978-7-111-77905-6
000 01654nam 2200313 450
001 012025000488
005 20250523101833.1
010    @a978-7-111-77905-6@dCNY99.80
100    @a20250514d2025 em y0chiy50 ea
101 @achi
102    @aCN@b110000
105    @aak a 000yy
106    @ar
200 @a自动驾驶系统产品开发与项目管理实践@Azi dong jia shi xi tong chan pin kai fa yu xiang mu guan li shi jian@f孔瑞东著
210    @a北京@c机械工业出版社@d2025.4
215    @a184页@c图@d26cm
225 @a智能网联汽车研究与开发丛书@Azhi neng wang lian qi che yan jiu yu kai fa cong shu
312    @a英文并列题名取自封面
314    @a孔瑞东, 自动驾驶系统开发领域高级专家先后就职于头部国企、合资和新势力企业, 深耕智驾系统开发十余年, 既熟悉国企和合资车企的体系流程, 又亲身参与了国内创业公司智能驾驶从0到1的自研和工程落地过程。
320    @a有书目 (第184页)
330    @a本书从产品设计逻辑、系统技术方案、关联方约束和管理、整体开发节奏和重点、公司经营和客户体验等多个维度来整体看待自动驾驶车型开发, 站在科技创业公司的角度审视整个自动驾驶业务开发流程。在这里可以学习到如何开发出一款高级别自动驾驶辅助功能的车型, 最终的落脚点是为客户提供一款具备极致自动驾驶体验的车辆, 使其在技术和体验层面, 成为行业的双重标杆。
410  0 @12001 @a智能网联汽车研究与开发丛书
510 @aProduct development and project management practices for autonomous driving systems@zeng
606 @a汽车驾驶@Aqi che jia shi@x自动驾驶系统@x产品开发
606 @a汽车驾驶@Aqi che jia shi@x自动驾驶系统@x项目管理
690    @aU46@v5
701  0 @a孔瑞东@Akong rui dong@4著
801  0 @aCN@bCDNYKJZYXY@c20250514
905    @aCDNYKJZYXY@b300736576-77@dU46@e856@f2
    
    自动驾驶系统产品开发与项目管理实践/孔瑞东著.-北京:机械工业出版社,2025.4
    184页:图;26cm.-(智能网联汽车研究与开发丛书)
    
    
    ISBN 978-7-111-77905-6:CNY99.80
    本书从产品设计逻辑、系统技术方案、关联方约束和管理、整体开发节奏和重点、公司经营和客户体验等多个维度来整体看待自动驾驶车型开发, 站在科技创业公司的角度审视整个自动驾驶业务开发流程。在这里可以学习到如何开发出一款高级别自动驾驶辅助功能的车型, 最终的落脚点是为客户提供一款具备极致自动驾驶体验的车辆, 使其在技术和体验层面, 成为行业的双重标杆。
相关链接 在五车中查询图书 在当当中查询图书 在豆瓣中查询图书


正题名:自动驾驶系统产品开发与项目管理实践     索取号:U46/856         预约/预借

序号 登录号 条形码 馆藏地/架位号 状态 备注
1 736576   300736576   海科-1楼/7架5列1层/ [索取号:U46/856] 在馆    
2 736577   300736577   海科-1楼/7架5列1层/ [索取号:U46/856] 在馆